Представление документа в формате RUSMARC

Поле Инд. ПП Название Значение
Тип записи a
Библиографический уровень a
001 Контрольный номер 1d4619e6f5e24d37a1def3c1938c892d
005 Дата корректировки 20181120134555.8
100 a Данные общей обработки 20180530 ||| 0rusy0189 ca
101 0_ a Язык текста rus
102 a Страна публикации RU
200 1_ f Первые сведения об ответственности Н.А. Батурин
a Заглавие Возвращение апелляционной жалобы с делом в суд первой инстанции для устранения недостатков, препятствующих апелляционному рассмотрению
210 d Дата издания 2018
461 _0 1 2000
a Администратор суда
463 _0 1 2000
a №1
v С. 3-6
1 2101
d 2018
1 001e0b9e41053d8439f9f622f85fc468e0b
606 a Основная рубрика Гражданское процессуальное право
610 0_ a Ключевые слова АПЕЛЛЯЦИОННОЕ ПРОИЗВОДСТВО
700 _1 a Фамилия Батурин
b Имя Н.А.
801 _0 a Страна RU
b Организация РГУП
c Дата составления 20180530
g Правила каталогизации PSBO
801 _1 a Страна RU
b Организация РГУП
c Дата составления 20180530
g Правила каталогизации PSBO
901 t Тип документа b
w Контрольный № источника e0b9e41053d8439f9f622f85fc468e0b
905 a Дата ввода 20180530